00676 2200253 4500001002100000008004100021035002000062245004300082100001700125110001800142260004100160300001200201020002200213084001400235082000800249650002000257990001900277990002100296990002100317990002100338990002100359990002100380990002100401INLIS000000000001112 ind  a0010-0724001112 aAda Apa Dalam Tubuh KitacDani Hamdani aDani Hamdani aHamdani, Dani aTangerangbPanca Anugrah Saktic2008 a50 hlm. a978-979-1420-79-2 a611 DAN a a611 aAnatomi Manusia aP29/CP/24/1112 aP29/CP/24/1112.1 aP29/CP/24/1112.2 aP29/CP/24/1112.3 aP29/CP/24/1112.4 aP29/CP/24/1112.5 aP29/CP/24/1112.6